Bài tập toán cao cấp; T1 (dùng cho các trường CĐSP và Kỹ Thuật)
में बचाया:
| मुख्य लेखक: | |
|---|---|
| स्वरूप: | पुस्तक |
| भाषा: | Undetermined |
| प्रकाशित: |
Hà Nội
KHKT
1998
|
| विषय: | |
| टैग : |
टैग जोड़ें
कोई टैग नहीं, इस रिकॉर्ड को टैग करने वाले पहले व्यक्ति बनें!
|
| Thư viện lưu trữ: | Trung tâm Học liệu Trường Đại học Cần Thơ |
|---|
| LEADER | 00841nam a2200193Ia 4500 | ||
|---|---|---|---|
| 001 | CTU_28453 | ||
| 008 | 210402s9999 xx 000 0 und d | ||
| 020 | |b 14.000đ | ||
| 082 | |a 515.076 | ||
| 082 | |b Kh507/T1 | ||
| 100 | |a Nguyễn Văn Khuê | ||
| 245 | 0 | |a Bài tập toán cao cấp; T1 (dùng cho các trường CĐSP và Kỹ Thuật) | |
| 245 | 0 | |c Nguyễn Văn Khuê, Bùi Đắc Tắc, Đậu Thế Cấp | |
| 260 | |a Hà Nội | ||
| 260 | |b KHKT | ||
| 260 | |c 1998 | ||
| 650 | |a algebras, linear - problems, exercises, etc,calculus, differential - problems, exercises, etc,calculus, integral - problems, exercises, etc,functions - problems, exercises, etc,mathematical analysis - problems, exercises, etc | ||
| 904 | |i Minh, 990128 | ||
| 980 | |a Trung tâm Học liệu Trường Đại học Cần Thơ | ||